[Event "45th Olympiad Budapest 2024"]
[Site "Budapest"]
[Date "2024.09.20"]
[Round "9.2"]
[White "Naiditsch, Arkadij"]
[Black "Galego, Luis"]
[Result "1-0"]
[WhiteElo "2643"]
[BlackElo "2444"]
[PlyCount "71"]
[EventDate "2024.09.11"]
[EventType "team"]
[EventRounds "11"]
[EventCountry "HUN"]
[WhiteTeam "Bulgaria"]
[BlackTeam "Portugal"]
[WhiteTeamCountry "BUL"]
[BlackTeamCountry "POR"]

1. e4 {Rogozenco,Dorian} c5 2. Nf3 e6 3. c3 Nf6 4. e5 Nd5 5. d4 cxd4 6. cxd4 Nc6 7. Bc4 d6 8. O-O Be7 9. Qe2 Nb6 ({RR} 9... O-O 10. Nc3 Nxc3 11. bxc3 dxe5 12. dxe5 Qa5 13. Qe4 Qa4 14. Bg5 h6 15. Bxe7 Nxe7 16. Rab1 Bd7 17. Bd3 Qxe4 18. Bxe4 Bc6 19. Bxc6 bxc6 20. Rb7 Nd5) 10. Bb3 d5 11. Nc3 Bd7 12. Rd1 ({RR} 12. Bf4 a6 13. Rac1 Rc8 14. Rfd1 Na5 15. Bc2 g5 16. Be3) ({RR} 12. Bc2 Rc8 13. a3 a6 14. g3 h6 15. h4 Na7 16. Bd3 Nc4 17. Nd1 Na5 18. Nd2 Nb5 19. Qg4 Kf8 20. b4 Nc4 21. Nb3 f5 22. Qe2 g5 23. a4 Nc7 24. Nc5 Bc6 25. Qf3 Kg7 26. Ne3 Bxc5 {Larrea,M (2271)-Galego,L (2479) Rio de Janeiro 2018 0-1 (37)}) 12... a6 13. Ne1 ({RR} 13. Qe3 Rc8 14. Qf4 h6 15. h4 Na5 ({RR} 15... Nb4 16. a3 Nc6 17. h5 Bf8 18. Qg4 Ne7 19. Nh4 Nf5 20. Nxf5 exf5 21. Qg3) 16. Qg3 Kf8 17. Ne2 ({RR} 17. Bc2) 17... Nxb3 18. axb3 Bb5 19. Nf4 g5 20. Nh5 Be2 21. Re1 Bxf3 ({RR} 21... Rc2 22. Bd2 Rxd2 ({RR} 22... Bxf3 23. Qxf3 Rxd2 24. Qc3) ({RR} 22... Rxb2 23. Rxe2) 23. Nxd2 Bxh5) 22. Qxf3 Nd7 23. Bd2 Qb6 24. Rec1 Rc6 25. Rxc6 bxc6 26. Qd3 Nb8 27. Nf6 Bxf6 {Sermek,D (2579)-Crisan,A (2635) Portoroz 2001 CBM 085 [Rogozenco,Dorian] 1-0 (38)}) ({RR} 13. g3 Rc8 14. h4 Na8 15. Bg5 h6 16. Be3 b5 17. h5 Nb6 18. Kg2 Nc4 19. Bf4 Qb6 20. Rac1 a5 21. a3 Qb7 22. Ba2 b4 23. Na4 b3 24. Bb1 Nxd4 25. Nxd4 Bxa4 26. Bd3 O-O 27. Bxh6 gxh6 {Poddubnyi,V (2304)-Principe,G (2144) chess.com INT 2024 0-1}) 13... g6 $146 ({RR} 13... h5 14. f4 g6 15. Nf3 Na5 16. Bc2 Nbc4 17. b3 Na3 18. Bd3 b5 19. Nb1 Nxb1 20. Rxb1 Qb6 21. Qf2 b4 22. Be3 Kf8 23. Kh1 Nc6 24. Rg1 Bd8 25. g4 hxg4 26. Rxg4 Ne7 27. Rh4 Rg8 28. Rh7 {Stelzer,H-Guenthner,O Lauda 1986 ½-½ (51)}) ({RR} 13... h5 14. f4 g6 15. Nf3 Rc8 16. Be3 Na5 17. Rac1 Nbc4 18. Bxc4 Nxc4 19. Bf2 b5 20. Nb1 O-O 21. h3 {½-½ (21) Pantos,N (2265)-Paunovic,D (2470) Niksic 1997}) 14. Bh6 Na5 15. Qg4 Nxb3 16. axb3 Bf8 17. Qf4 Bxh6 18. Qxh6 Qe7 19. Rac1 Qf8 20. Qf4 Qe7 21. Nf3 O-O 22. h4 f6 23. exf6 Rxf6 24. Qc7 Qd8 25. Qg3 Rxf3 26. gxf3 Qf6 27. Ne2 Bb5 28. Rd2 Rf8 29. Rc7 Bc6 30. Qd6 Re8 31. Rc2 Na8 32. R2xc6 bxc6 33. Rb7 Rd8 34. Qxc6 Qxh4 35. Qxe6+ Kh8 36. Qe5+ 1-0

[Event "45th Olympiad Budapest 2024"]
[Site "Budapest"]
[Date "2024.09.20"]
[Round "9.3"]
[White "Pereira, Ruben"]
[Black "Petrov, Martin"]
[Result "1/2-1/2"]
[WhiteElo "2457"]
[BlackElo "2536"]
[PlyCount "62"]
[EventDate "2024.09.11"]
[EventType "team"]
[EventRounds "11"]
[EventCountry "HUN"]
[WhiteTeam "Portugal"]
[BlackTeam "Bulgaria"]
[WhiteTeamCountry "POR"]
[BlackTeamCountry "BUL"]

1. e4 c5 2. Nf3 d6 3. d4 cxd4 4. Nxd4 Nf6 5. Nc3 a6 6. Be3 e5 7. Nb3 Be7 8. f3 Be6 9. Qd2 h5 10. O-O-O Nbd7 11. Kb1 Rc8 12. Nd5 Nxd5 13. exd5 Bf5 14. Bd3 Bxd3 15. Qxd3 Bg5 16. Bf2 O-O 17. h4 Bh6 18. g4 hxg4 19. fxg4 Bf4 20. Nd2 ({RR} 20. h5 Qg5 21. Bh4 Qh6 22. Qf5 Nc5 23. Be7 Rfe8 24. g5 Qh8 25. g6 f6 26. Nxc5 Qh6 27. Bxd6 Be3 28. Ne6 Kh8 29. Nxg7 Kxg7 30. Qd7+ Kh8 31. Rdf1 Bg5 32. Be7 Qg7 33. d6 Rcd8 34. Qe6 Rb8 {Mesquita,E (1948)-Schnaider,I (2323) chess.com INT 2024 0-1 (47)}) 20... f5 $146 ({RR} 20... Re8 21. g5 e4 22. Nxe4 Ne5 23. Qh3 Nc4 24. Rhe1 b5 25. Bd4 Be5 26. Bxe5 Rxe5 27. h5 Qc7 28. Qh2 Qe7 29. h6 Rxe4 30. hxg7 Kxg7 31. Qh6+ Kg8 32. g6 Nd2+ 33. Qxd2 fxg6 34. Rg1 Kg7 35. Qg2 {Perunovic,M (2426)-Sadvakasov,D (2509) Subotica 2000 ½-½ (62)}) 21. gxf5 Bxd2 22. Rxd2 Qf6 23. Qb3 Qxf5 24. Rg1 Rf7 25. Be3 Nc5 26. Bxc5 Rxc5 27. a3 Qf4 28. Rdg2 Qc4 29. Qxc4 Rxc4 30. Rg6 Rd7 31. h5 Kh7 1/2-1/2

[Event "45th Olympiad Budapest 2024"]
[Site "Budapest"]
[Date "2024.09.20"]
[Round "9.4"]
[White "Petkov, Momchil"]
[Black "Sousa, Andre Ventura"]
[Result "1-0"]
[WhiteElo "2540"]
[BlackElo "2403"]
[PlyCount "145"]
[EventDate "2024.09.11"]
[EventType "team"]
[EventRounds "11"]
[EventCountry "HUN"]
[WhiteTeam "Bulgaria"]
[BlackTeam "Portugal"]
[WhiteTeamCountry "BUL"]
[BlackTeamCountry "POR"]

1. d4 Nf6 2. c4 g6 3. g3 Bg7 4. Bg2 d6 5. Nc3 O-O 6. Nf3 c6 7. O-O Bf5 8. Re1 Ne4 9. Qb3 Nxc3 10. bxc3 Bc8 ({RR} 10... Qc8 11. e4 Bg4 12. e5 Bxf3 13. Bxf3 dxe5 14. Rb1 exd4 15. cxd4 Bxd4 16. Qxb7 Qf5 17. Kg2 Na6 18. Bh6 Nc5 19. Qxe7 Nd3 20. Re4 Bg7 21. Rd1 Bxh6 22. Rxd3 Bg5 23. Qe5 Qxe5 24. Rxe5 Bf6 25. Ra5 {Mamedyarov,S (2753)-Carlsen,M (2864) Moscow 2013 ½-½ (34)}) 11. h4 ({RR} 11. e4 c5 12. Ba3 Qc7 13. e5 Nd7 14. exd6 exd6 15. Rad1 Nb6 16. Ng5 Bg4 17. dxc5 dxc5 18. Rc1 Bd7 19. Ne4 Ba4 20. Qb1 Nd7 21. Re2 Rae8 22. Rce1 b6 23. Bc1 Ne5 24. Bf4 Bc6 25. h4 Re7 {Le Tuan Minh (2567)-Ivic,V (2567) chess.com INT 2024 1-0 (34)}) 11... e5 $146 ({RR} 11... c5 12. Be3 Nd7 13. Qa3 Qc7 14. Nd2 a5 15. Ne4 Nb6 16. Nd2 Nd7 17. Qb3 a4 18. Qa3 Ra7 19. Red1 b6 {½-½ (19) Tkachiev,V (2634)-Baklan,V (2609) France 2002}) ({RR} 11... Nd7 12. h5 gxh5 13. e4 Nf6 14. Bf4 Ng4 15. e5 dxe5 16. Nxe5 a5 17. a4 Ra7 18. Ra2 Bf5 19. Rae2 Nxe5 20. Bxe5 e6 21. Bxg7 Kxg7 22. c5 h4 23. gxh4 Qxh4 24. Qb6 Rfa8 25. Re3 Qd8 26. Rg3+ {Vidit,S (2727)-Sadhwani,R (2616) Chess.com INT 2022 0-1 (79)}) 12. dxe5 dxe5 13. Ba3 Re8 14. Ng5 Qb6 15. Ne4 Na6 16. Qa4 Rd8 17. Be7 Bf5 18. c5 Qc7 19. Bxd8 Rxd8 20. Red1 Bxe4 21. Qxe4 Re8 22. Qc4 Bf8 23. h5 Nxc5 24. e4 Qa5 25. a4 Qc7 26. Qe2 a5 27. Qg4 Qc8 28. Qf3 Qe6 29. Bf1 Be7 30. Bd3 Qb3 31. Qe2 Qe6 32. Bc4 Qf6 33. Kg2 Kg7 34. Rh1 h6 35. Rh3 Rd8 36. Rah1 g5 37. Ra1 Bd6 38. Rhh1 Bc7 39. Rhd1 Re8 40. Qg4 Bb6 41. Ra2 Re7 42. Re1 Nxa4 43. Rb1 Nxc3 44. Rxb6 Nxa2 45. Bxa2 Qd6 46. Qe2 Rd7 47. Qb2 Qd4 48. Rxb7 Qxe4+ 49. Kh2 Rxb7 50. Qxb7 Qf3 51. Kg1 Qxh5 52. Qc7 g4 53. Qxc6 Qf5 54. Qb5 h5 55. Qxa5 Qe4 56. Qd2 Qf5 57. Qc1 Qf6 58. Qe3 Kf8 59. Qe4 h4 60. gxh4 Qxh4 61. Qxe5 Qh6 62. Qc5+ Kg7 63. Qd4+ Kf8 64. Qb4+ Kg7 65. Qxg4+ Kh8 66. Qd4+ Kg8 67. Qg4+ Kh8 68. Qf5 Qc1+ 69. Kg2 Qc6+ 70. Bd5 Qd6 71. Qh5+ Kg7 72. Qxf7+ Kh6 73. Qe6+ 1-0

[Event "45th Olympiad Budapest 2024"]
[Site "Budapest"]
[Date "2024.09.20"]
[Round "9.1"]
[White "Keinanen, Toivo"]
[Black "Kozak, Adam"]
[Result "1/2-1/2"]
[WhiteElo "2554"]
[BlackElo "2609"]
[PlyCount "30"]
[EventDate "2024.09.11"]
[EventType "team"]
[EventRounds "11"]
[EventCountry "HUN"]
[WhiteTeam "Finland"]
[BlackTeam "Hungary B"]
[WhiteTeamCountry "FIN"]

1. Nf3 c5 2. c4 Nc6 3. Nc3 g6 4. e3 Nf6 5. d4 cxd4 6. exd4 d5 7. cxd5 Nxd5 8. Bc4 Nxc3 9. Qb3 e6 10. bxc3 Be7 11. Bh6 Bf8 12. Bc1 Be7 13. Bh6 Bf8 14. Bc1 Be7 15. Bh6 Bf8 $146 1/2-1/2

[Event "45th Olympiad Budapest 2024"]
[Site "Budapest"]
[Date "2024.09.20"]
[Round "9.2"]
[White "Banusz, Tamas"]
[Black "Sipila, Vilka"]
[Result "1/2-1/2"]
[WhiteElo "2605"]
[BlackElo "2462"]
[PlyCount "114"]
[EventDate "2024.09.11"]
[EventType "team"]
[EventRounds "11"]
[EventCountry "HUN"]
[WhiteTeam "Hungary B"]
[BlackTeam "Finland"]
[BlackTeamCountry "FIN"]

1. Nf3 d5 2. g3 g6 3. Bg2 Bg7 4. O-O e5 5. d3 Nc6 6. e4 Nge7 7. Nc3 dxe4 8. dxe4 O-O 9. Qxd8 Rxd8 10. Nb5 Bg4 $146 ({RR} 10... Rd7 11. Bh3 f5 12. c3 Nd8 13. Re1 c6 14. Na3 Nf7 15. exf5 gxf5 16. Nc4 e4 17. Nh4 Rd5 18. Bf4 Ng6 19. Ne3 Nxh4 20. gxh4 Rc5 21. Rad1 Be6 22. b4 Rxc3 23. Bxf5 Re8 24. Bxe6 Rxe6 25. Rd7 {Flesch,J-Gligoric,S Belgrade 1964 ½-½ (63)}) 11. h3 a6 12. Na3 Be6 13. c3 h6 14. Re1 Nc8 15. Nh2 b5 16. f4 exf4 17. gxf4 b4 18. cxb4 Nxb4 19. e5 Rb8 20. b3 Ne7 21. Bf1 Nd3 22. Re4 Nf5 23. Ng4 Bf8 24. Nc2 Kg7 25. Ba3 Bxa3 26. Nxa3 Ng3 27. Re3 Nxf1 28. Rxf1 Rb4 29. Rd1 Bf5 30. Nc4 Rbb8 31. Rf1 Rd4 32. Ref3 Be4 33. Rg3 Ba8 34. Nf6 Kf8 35. f5 g5 36. h4 Ke7 37. Rd1 Rbd8 38. hxg5 hxg5 39. Rd2 Nf4 40. Rxd4 Rxd4 41. Kf2 c5 42. Ng8+ Kf8 43. Nf6 Ke7 44. Nh7 Bd5 45. f6+ Kd7 46. Nxg5 Nd3+ 47. Ke2 Bxc4 48. bxc4 Nxe5 49. Re3 Kd6 50. Ra3 Rxc4 51. Rxa6+ Kd5 52. Ra7 Rf4 53. Nxf7 Rxf6 54. Nxe5 Kxe5 55. Kd3 Kd5 56. Rd7+ Kc6 57. Ra7 Kb6 1/2-1/2

[Event "45th Olympiad Budapest 2024"]
[Site "Budapest"]
[Date "2024.09.20"]
[Round "9.3"]
[White "Lahdelma, Henri"]
[Black "Prohaszka, Peter"]
[Result "0-1"]
[WhiteElo "2331"]
[BlackElo "2542"]
[PlyCount "106"]
[EventDate "2024.09.11"]
[EventType "team"]
[EventRounds "11"]
[EventCountry "HUN"]
[WhiteTeam "Finland"]
[BlackTeam "Hungary B"]
[WhiteTeamCountry "FIN"]

1. c4 e6 2. Nc3 d5 3. d4 Nf6 4. cxd5 exd5 5. Bg5 Be7 6. e3 h6 7. Bh4 Bg4 8. Qc2 O-O 9. Bd3 c5 10. h3 Be6 11. Nf3 Nc6 12. O-O Nb4 $146 ({RR} 12... cxd4 13. Nxd4 Nxd4 14. exd4 Qb6 15. Rad1 Rac8 16. Rfe1 Rfe8 17. Bf5 Ne4 18. Bxe6 fxe6 19. Bxe7 Rxe7 20. Re3 Rec7 21. Qe2 Nxc3 22. bxc3 Rxc3 23. Rxe6 Qb4 24. Qe5 Qf8 25. Re7 Kh8 26. Re1 Rc2 27. f3 {Diaz,R (2440)-Perez Marimon,J (2342) Holguin CUB 2024 1-0 (32)}) 13. Qd1 Nxd3 14. Qxd3 c4 15. Qc2 Ne4 16. Bxe7 Qxe7 17. Nxe4 Bf5 18. Nfd2 b5 19. b3 Rac8 20. bxc4 bxc4 21. Qa4 Bxe4 22. Nxe4 Qxe4 23. Qxa7 c3 24. Qa5 Rc6 25. Rac1 Rfc8 26. Qb5 Rg6 27. g3 c2 28. Rfe1 Rc4 29. Qb8+ Kh7 30. Qf4 Qd3 31. Qxf7 Rb4 32. Kg2 Rb1 33. h4 Rf6 34. Qxd5 Rxc1 35. Rxc1 Qd2 36. Qe4+ Kg8 37. Qd5+ Rf7 38. Qa8+ Rf8 39. Qd5+ Kh8 40. Rf1 c1=Q 41. Rxc1 Qxc1 42. Qd6 Qc8 43. e4 Rd8 44. Qb6 Rf8 45. d5 Qc4 46. Qe3 Re8 47. Kf3 Qxa2 48. Qd4 Rf8+ 49. Kg2 Qe2 50. d6 Qf3+ 51. Kg1 Rb8 52. d7 Rb1+ 53. Kh2 Rh1# 0-1

[Event "45th Olympiad Budapest 2024"]
[Site "Budapest"]
[Date "2024.09.20"]
[Round "9.4"]
[White "Antal, Gergely"]
[Black "Wartiovaara, Oliver"]
[Result "1-0"]
[WhiteElo "2544"]
[BlackElo "2300"]
[PlyCount "43"]
[EventDate "2024.09.11"]
[EventType "team"]
[EventRounds "11"]
[EventCountry "HUN"]
[WhiteTeam "Hungary B"]
[BlackTeam "Finland"]
[BlackTeamCountry "FIN"]

1. e4 c5 2. Nf3 d6 3. Bb5+ Bd7 4. c4 e5 ({RR} 4... Bxb5 5. cxb5 Nf6 6. Nc3 g6 7. O-O Bg7 8. d4 cxd4 9. Nxd4 O-O 10. Re1 Nbd7 11. a4 e6 12. Bg5 a5 13. bxa6 bxa6 14. Nc6 Qc7 15. Ne7+ Kh8 16. Rc1 Qb8 17. Nc6 Qc7 18. e5 dxe5 19. Ne4 {Morozevich,A (2736)-Wang,H (2752) Beijing 2013 ½-½ (47)}) 5. Nc3 Nc6 6. d3 g6 ({RR} 6... h6 7. O-O Be7 8. a3 Nf6 9. Rb1 a5 10. Ne1 O-O 11. f4 exf4 12. Bxc6 bxc6 13. Bxf4 Bg4 14. Qa4 Be6 15. Nf3 Ng4 16. h3 Ne5 17. Bxe5 dxe5 18. Qc2 Qd6 19. Nd2 Bg5 20. Rbd1 Rfb8 21. Rf3 {Munkhdalai,A (2360)-Ulziikhishig Khishigbat (1957) Choibalsan MGL 2024 1-0 (60)}) 7. a3 $146 ({RR} 7. O-O Bg7 8. Nd5 a6 9. Ba4 Rb8 10. Bc2 h6 11. Rb1 Nge7 12. a3 Nxd5 13. cxd5 Nd4 14. Nxd4 cxd4 15. f4 O-O 16. f5 g5 17. Bd2 f6 18. Bb4 Be8 19. Ba4 b5 20. Bb3 a5 21. Bd2 Qb6 {Dumitru,L (1799)-Ulian,A (1572) Mamaia 2021 1-0 (54)}) ({RR} 7. O-O Bg7 8. Ne1 Nge7 9. f4 O-O 10. Bxc6 bxc6 11. fxe5 Bxe5 12. Bh6 Re8 13. Qd2 f5 14. Nf3 Bh8 15. Rae1 Nc8 16. Kh1 Rb8 17. Re2 fxe4 18. dxe4 Be6 19. b3 Rb7 20. Ref2 Bg7 21. Bxg7 Kxg7 {Zylka,S (2336)-Zaika,D (2216) Suwalki 2019 1-0}) 7... Bg7 8. b4 b6 9. Nd5 Nce7 10. Qa4 Nxd5 11. cxd5 Ne7 12. bxc5 bxc5 13. Rb1 Rc8 14. Qxa7 Bxb5 15. Rxb5 c4 16. Rb7 cxd3 17. O-O Kf8 18. Rd7 Qe8 19. Be3 h6 20. Rxd6 f5 21. Re6 Qf7 22. Bc5 1-0

[Event "45th Olympiad Budapest 2024"]
[Site "Budapest"]
[Date "2024.09.20"]
[Round "9.1"]
[White "Bachmann, Axel"]
[Black "Brkic, Ante"]
[Result "1/2-1/2"]
[WhiteElo "2560"]
[BlackElo "2642"]
[PlyCount "134"]
[EventDate "2024.09.11"]
[EventType "team"]
[EventRounds "11"]
[EventCountry "HUN"]
[WhiteTeam "Paraguay"]
[BlackTeam "Croatia"]
[WhiteTeamCountry "PAR"]
[BlackTeamCountry "CRO"]

1. e4 c5 2. Nc3 d6 3. Nge2 Nf6 4. g3 g6 5. Bg2 Nc6 6. d3 Bg7 7. O-O O-O 8. h3 Rb8 9. f4 Bd7 10. g4 b5 11. Ng3 b4 12. Nce2 Ne8 13. f5 a5 14. g5 Ne5 ({RR} 14... Nc7 15. Rb1 a4 16. Nf4 Nd4 17. Nfe2 Ncb5 18. h4 Be5 19. Bf4 a3 20. Bxe5 dxe5 21. Nxd4 Nxd4 22. f6 exf6 23. gxf6 Rb6 24. bxa3 Rxf6 25. axb4 Rxf1+ 26. Nxf1 Qxh4 27. c3 Bg4 {0-1 (27) Qi,H-Zhou,Y (1559) Shanghai CHN 2024}) 15. Nf4 Nc7 16. c4 $146 ({RR} 16. Be3 Qc8 17. Nfe2 f6 18. gxf6 exf6 19. Nf4 gxf5 20. Nfh5 fxe4 21. Nxg7 Kxg7 22. Nh5+ Kh8 23. Nxf6 Bxh3 24. Qh5 Rxf6 25. Rxf6 Bxg2 26. Kxg2 Qg4+ 27. Qxg4 Nxg4 28. Rxd6 Nxe3+ 29. Kf2 Nxc2 30. Rc1 exd3 {Perez Celis,A (1806)-Rivas Crespo,A (1696) Cotelec 2009 1-0 (42)}) 16... bxc3 17. bxc3 Nc6 18. Bd2 Rb2 19. h4 Nb5 20. Nge2 Nc7 21. h5 Qe8 22. Qc1 Rb6 23. Rb1 Rxb1 24. Qxb1 Ne5 25. d4 Nc4 26. Bc1 cxd4 27. cxd4 d5 28. fxg6 hxg6 29. hxg6 fxg6 30. e5 Bf5 31. Qb7 Qc8 32. Qc6 e6 33. Ng3 Bg4 34. Nxg6 Rxf1+ 35. Bxf1 Qe8 36. Qxc7 Qxg6 37. Qb8+ Kf7 38. Qb3 Kg8 39. Bd3 Qf7 40. g6 Qa7 41. Kg2 Qxd4 42. Qb8+ Bf8 43. Qe8 Nxe5 44. Be2 Kg7 45. Bh6+ Kxh6 46. Qxf8+ Kxg6 47. Qg8+ Kf6 48. Qh8+ Ke7 49. Bxg4 Qxg4 50. Qxe5 Kd7 51. Qb8 Qb4 52. Qa7+ Kd6 53. Qa6+ Kd7 54. Ne2 Qb2 55. a4 Qb4 56. Qa7+ Kd6 57. Nd4 Qxa4 58. Qb6+ Kd7 59. Qxe6+ Kc7 60. Qe7+ Kb6 61. Qd6+ Kb7 62. Ne6 Qc2+ 63. Kg3 Qc3+ 64. Kg4 Qb4+ 65. Qxb4+ axb4 66. Kf3 Kb6 67. Ke3 b3 1/2-1/2

[Event "45th Olympiad Budapest 2024"]
[Site "Budapest"]
[Date "2024.09.20"]
[Round "9.2"]
[White "Martinovic, Sasa"]
[Black "Delgado Ramirez, Neuris"]
[Result "1-0"]
[WhiteElo "2563"]
[BlackElo "2484"]
[PlyCount "83"]
[EventDate "2024.09.11"]
[EventType "team"]
[EventRounds "11"]
[EventCountry "HUN"]
[WhiteTeam "Croatia"]
[BlackTeam "Paraguay"]
[WhiteTeamCountry "CRO"]
[BlackTeamCountry "PAR"]

1. d4 Nf6 2. Bg5 d5 3. e3 e6 4. Nd2 h6 5. Bh4 c5 6. Ngf3 Nc6 7. c3 Be7 8. Bd3 Qb6 9. Rb1 ({RR} 9. Qb1 g5 10. Bg3 Nh5 11. Ne5 Nxg3 12. hxg3 Nxe5 13. dxe5 Bd7 14. e4 c4 15. Be2 O-O-O 16. b3 Bc5 17. O-O cxb3 18. Qxb3 Bc6 19. exd5 Bxd5 20. Nc4 Qc7 21. Rab1 h5 22. Qa4 Bc6 23. Qb3 h4 {Ledger,S (2002)-Hunt,H (2307) Peterborough ENG 2024 0-1 (32)}) 9... Bd7 ({RR} 9... O-O 10. O-O cxd4 11. exd4 Qc7 12. Re1 Re8 13. Ne5 Nxe5 14. dxe5 Nd7 15. Bxe7 Rxe7 16. Nf3 Rb8 17. Bc2 b5 18. Qd3 Nf8 19. Nd4 Bd7 20. a3 Ree8 21. h4 a5 22. Rbc1 Rec8 23. Qg3 b4 24. cxb4 {Kollars,D (2643)-Boruchovsky,A (2551) Chess.com INT 2022 1-0 (48)}) 10. O-O Nh5 $146 ({RR} 10... O-O 11. Ne5 Rad8 12. f4 cxd4 13. exd4 Kh8 14. Ndf3 Ng8 15. Qe2 Be8 16. Rbe1 Rd6 17. Bb1 f5 18. Kh1 Qd8 19. Bf2 Bh5 20. h3 Nf6 21. Rg1 Ne4 22. g4 Be8 23. Nd3 b6 24. Rg2 Rd7 25. Reg1 {Gudmundsson,J-Gulla,L Buenos Aires 1939 1-0 (40)}) ({RR} 10... Rc8 11. Re1 a6 12. Qe2 cxd4 13. exd4 O-O 14. Ne5 Be8 15. Nf1 Nd7 16. Bxe7 Nxe7 17. Ng3 Nxe5 18. dxe5 Bb5 19. Bxb5 axb5 20. Qe3 Qxe3 21. Rxe3 Rc4 22. a3 Rfc8 23. Ne2 Nf5 24. Rd3 Re4 25. Nd4 {Doda,Z-Enevoldsen,J Berlin East 1962 1-0 (49)}) ({RR} 10... O-O 11. Ne5 Be8 12. f4 cxd4 13. exd4 Nd7 14. Bxe7 Nxe7 15. Ndf3 f5 16. Nxd7 Bxd7 17. Re1 Nc8 18. Ne5 Be8 19. Re3 Nd6 20. Rg3 Ne4 21. Bxe4 dxe4 22. Qe1 Rc8 23. Kh1 Qa6 24. a3 Qa4 25. Qf2 {Kavutskiy,K (2396)-Chabris,C (2072) chess.com INT 2023 1-0 (43)}) 11. Bxe7 Nxe7 12. Ne5 Nf6 13. a4 Nc8 14. b4 c4 15. Bc2 Nd6 16. Re1 Qc7 17. Qf3 O-O 18. Ra1 Bc6 19. Nxc6 Qxc6 20. e4 dxe4 21. Nxe4 Nfxe4 22. Bxe4 Nxe4 23. Qxe4 Qxe4 24. Rxe4 Rfd8 25. f4 Rd5 26. Kf2 Kf8 27. Rae1 Rad8 28. Kf3 R8d6 29. Re5 Rxe5 30. Rxe5 b6 31. g4 f6 32. Re2 Kf7 33. f5 e5 34. Ke4 a6 35. b5 a5 36. dxe5 fxe5 37. Kxe5 Rd3 38. Re4 Rxc3 39. Kd5 h5 40. gxh5 Rd3+ 41. Kc6 c3 42. Rc4 1-0

[Event "45th Olympiad Budapest 2024"]
[Site "Budapest"]
[Date "2024.09.20"]
[Round "9.3"]
[White "Almiron, Antonio"]
[Black "Livaic, Leon"]
[Result "1/2-1/2"]
[WhiteElo "2312"]
[BlackElo "2550"]
[PlyCount "98"]
[EventDate "2024.09.11"]
[EventType "team"]
[EventRounds "11"]
[EventCountry "HUN"]
[WhiteTeam "Paraguay"]
[BlackTeam "Croatia"]
[WhiteTeamCountry "PAR"]
[BlackTeamCountry "CRO"]

1. d4 Nf6 2. c4 g6 3. Nf3 Bg7 4. g3 O-O 5. Bg2 d6 6. O-O Nbd7 7. Nc3 e5 8. e4 Re8 9. Re1 exd4 10. Nxd4 Nc5 11. h3 a5 12. Ndb5 Bd7 13. Bf4 Bxb5 14. cxb5 Nfd7 15. Qc2 h5 16. h4 Ne6 17. Be3 Ne5 18. Rad1 c6 19. bxc6 $146 ({RR} 19. Qa4 Qc7 20. f3 Rad8 21. Kh1 Nc5 22. Qc2 Qe7 23. bxc6 bxc6 24. Bxc5 dxc5 25. f4 Rxd1 26. Nxd1 Ng4 27. e5 Bf6 28. Qc3 Bxh4 29. Rf1 Rd8 30. Nf2 Nh6 31. gxh4 Qxh4+ 32. Kg1 Rd4 33. e6 fxe6 {Aczel,G (2477)-Maksimovic,B (2502) Veli Losinj CRO 2023 1-0 (62)}) 19... bxc6 20. Kh1 Ng4 21. Bh3 Nxe3 22. Rxe3 Nd4 23. Qd2 a4 24. Bg2 a3 25. b3 Qa5 26. Ne2 Qxd2 27. Rxd2 Nb5 28. Rc2 Rac8 29. Kg1 Bb2 30. Rc4 c5 31. Bh3 Rcd8 32. Kf1 Re7 33. Bg2 Nc7 34. Nf4 Rb8 35. Rd3 Be5 36. Nd5 Nxd5 37. Rxd5 Ra7 38. Rd3 Bd4 39. Rc2 Kg7 40. Bf3 Rb4 41. Be2 Re7 42. f3 Kh6 43. Rd1 Rb8 44. Bc4 f5 45. exf5 gxf5 46. Re1 Rxe1+ 47. Kxe1 f4 48. gxf4 Re8+ 49. Re2 Rxe2+ 1/2-1/2

[Event "45th Olympiad Budapest 2024"]
[Site "Budapest"]
[Date "2024.09.20"]
[Round "9.4"]
[White "Stevic, Hrvoje"]
[Black "Latorre, Matias"]
[Result "1/2-1/2"]
[WhiteElo "2531"]
[BlackElo "2264"]
[PlyCount "89"]
[EventDate "2024.09.11"]
[EventType "team"]
[EventRounds "11"]
[EventCountry "HUN"]
[WhiteTeam "Croatia"]
[BlackTeam "Paraguay"]
[WhiteTeamCountry "CRO"]
[BlackTeamCountry "PAR"]

1. e4 e6 2. d4 d5 3. e5 c5 4. c3 Nc6 5. Nf3 Bd7 6. Be2 f6 7. O-O fxe5 8. Nxe5 Nxe5 9. dxe5 Qc7 10. Re1 O-O-O 11. Bf1 Ne7 12. a4 Nf5 13. Na3 c4 14. b4 cxb3 15. Qxb3 Bc5 16. Nb5 Bxb5 17. axb5 Rhf8 18. Qa2 ({RR} 18. Ra2 Kb8 19. Ba3 Ne7 20. Bxc5 Qxc5 21. Qa3 Qxa3 22. Rxa3 Rc8 23. Rea1 Rf5 24. Rxa7 Kc7 25. R1a6 Rxe5 26. g3 Rd8 27. f4 Re1 28. Kf2 Rxf1+ 29. Kxf1 Nc8 30. b6+ Kc6 31. Ra2 Nxa7 32. bxa7 Ra8 {Schneider,J (2275)-Hasenohr,B (2339) Rosenheim GER 2024 ½-½ (42)}) 18... Qe7 $146 ({RR} 18... Kb8 19. Ba3 Bb6 20. Bxf8 Rxf8 21. Rac1 Nh6 22. Rc2 Ng4 23. Ree2 Nxe5 24. h3 Rf6 25. Qa4 g5 26. g3 h5 27. c4 Nxc4 28. Kg2 h4 29. Qa1 Bxf2 30. Rxf2 Qxg3+ 31. Kh1 Rxf2 32. Qh8+ Kc7 33. b6+ {Moussard,J (2654)-Erigaisi,A (2710) Biel SUI 2023 0-1 (36)}) ({RR} 18... Kb8 19. Ba3 Nh6 20. Bxc5 Qxc5 21. h3 Rf4 22. b6 axb6 23. Reb1 Rdf8 24. Rb5 Qc6 25. Qa7+ Kc7 26. Ra2 Nf7 27. Rab2 Nd8 28. Rxb6 Qa4 29. Rxb7+ Nxb7 30. Rxb7+ {1-0 (30) Martinez Fernandez,A (2405)-Saya,E (2198) Sant Boi ESP 2023}) 19. Ba3 Bxa3 20. Qxa3 Qxa3 21. Rxa3 Kc7 22. Rxa7 Kb6 23. Ra4 Ra8 24. Rea1 Rxa4 25. Rxa4 Rc8 26. c4 Rc5 27. cxd5 Rxd5 28. Re4 Rd4 29. Re1 Rd2 30. f4 Nd4 31. Re3 Kc5 32. Rc3+ Kd5 33. Rc7 Ke4 34. Rxg7 h5 35. Rxb7 Ke3 36. Ra7 Rb2 37. Ra3+ Kxf4 38. Rh3 Kg5 39. Rg3+ Kf4 40. Rg6 Rb1 41. h4 Kxe5 42. Kf2 Rb2+ 43. Kg1 Rb1 44. Kf2 Rb2+ 45. Kg1 1/2-1/2

[Event "45th Olympiad Budapest 2024"]
[Site "Budapest"]
[Date "2024.09.20"]
[Round "9.1"]
[White "Stremavicius, Titas"]
[Black "Maksimovic, Bojan"]
[Result "1/2-1/2"]
[WhiteElo "2527"]
[BlackElo "2503"]
[PlyCount "122"]
[EventDate "2024.09.11"]
[EventType "team"]
[EventRounds "11"]
[EventCountry "HUN"]
[WhiteTeam "Lithuania"]
[BlackTeam "Bosnia & Herzegovina"]
[WhiteTeamCountry "LTU"]
[BlackTeamCountry "BIH"]

1. d4 {Brinckmann,Alfred} e6 2. Nf3 c5 3. e3 Nf6 4. Nbd2 b6 5. Bd3 Bb7 6. O-O Be7 7. dxc5 bxc5 8. b3 Nc6 9. c4 O-O 10. Bb2 Qc7 11. Re1 $146 ({RR} 11. h3 Ne8 12. a3 f5 13. Qc2 Bf6 14. Bxf6 Nxf6 15. Rfe1 g6 16. e4 Nh5 17. Qc3 Nf4 18. Bf1 Rf7 19. b4 Raf8 20. b5 fxe4 21. bxc6 exf3 22. cxb7 fxg2 23. Be2 Qxb7 24. Rab1 Qa8 25. Qg3 Qd8 {Rubinstein,A-Geiger,H Rogaska Slatina 1929 EXT 1999 [Brinckmann,Alfred] 1-0 (33)}) 11... h6 12. Nf1 Ng4 13. h3 Bf6 14. Rb1 Bxb2 15. Rxb2 Nf6 16. Ng3 Ne5 17. Nxe5 Qxe5 18. Rd2 Rfd8 19. Qa1 Qxa1 20. Rxa1 Kf8 21. Ne2 Ke7 22. Nc3 Bc6 23. Kf1 Rab8 24. Bc2 g5 25. g3 d6 26. Rad1 a6 27. f4 Rd7 28. Kf2 Rg8 29. Rg1 h5 30. Bd1 Rdd8 31. Bf3 Bxf3 32. Kxf3 Rg7 33. Rgd1 Rdg8 34. Ne2 g4+ 35. hxg4 hxg4+ 36. Kg2 Ne4 37. Rc2 Rh8 38. Rh1 Rxh1 39. Kxh1 Rh7+ 40. Kg2 Rh3 41. Rc1 f5 42. Rc2 a5 43. a3 Kd7 44. b4 axb4 45. axb4 cxb4 46. Rb2 Rh8 47. Rxb4 Ke7 48. Rb7+ Kf6 49. Nd4 Rh3 50. Ne2 Nd2 51. Nc3 Nxc4 52. e4 Rh8 53. Rc7 Nd2 54. exf5 exf5 55. Ra7 Ke6 56. Nb5 Kd5 57. Rf7 Nf3 58. Kf2 Nd4 59. Nxd4 Kxd4 60. Rxf5 d5 61. Rg5 Rh2+ 1/2-1/2